[Event "MP do lat 18 - dziewczeta"]
[Site "Sypniewo"]
[Date "2022.03.23"]
[Round "5.15"]
[White "Zniszczol, Wiktoria"]
[Black "Czerwinska, Oliwia"]
[Result "1-0"]
[BlackElo "1428"]
[WhiteElo "1613"]
[LiveChessVersion "1.4.8"]

1. Nf3 {[%clk 1:30:31]} Nc6 {[%clk 1:30:43]} 2. e3 {[%clk 1:30:27]} d5
{[%clk 1:30:41]} 3. c4 {[%clk 1:30:25]} e6 {[%clk 1:30:47]} 4. b3
{[%clk 1:29:50]} Nce7 {[%clk 1:29:50]} 5. Bb2 {[%clk 1:29:49]} Ng6
{[%clk 1:30:02]} 6. Nc3 {[%clk 1:29:02]} Nf6 {[%clk 1:30:03]} 7. d4
{[%clk 1:28:02]} c6 {[%clk 1:29:59]} 8. Bd3 {[%clk 1:28:12]} Be7 {[%clk 1:27:54]}
9. O-O {[%clk 1:28:35]} O-O {[%clk 1:28:16]} 10. Qc2 {[%clk 1:29:01]} Bd7
{[%clk 1:27:00]} 11. Rac1 {[%clk 1:25:40]} Rc8 {[%clk 1:27:07]} 12. Rfd1
{[%clk 1:26:01]} Qc7 {[%clk 1:23:29]} 13. h3 {[%clk 1:17:54]} Rfd8
{[%clk 1:23:02]} 14. Ne5 {[%clk 1:17:02]} Be8 {[%clk 1:18:58]} 15. f4
{[%clk 1:05:53]} Nd7 {[%clk 1:16:17]} 16. Nxg6 {[%clk 1:03:37]} hxg6
{[%clk 1:15:53]} 17. cxd5 {[%clk 1:01:05]} exd5 {[%clk 1:04:39]} 18. Nxd5
{[%clk 1:01:07]} Qd6 {[%clk 1:04:47]} 19. Nxe7+ {[%clk 1:00:31]} Qxe7
{[%clk 1:05:10]} 20. e4 {[%clk 1:00:07]} Nb6 {[%clk 1:04:43]} 21. Qc5
{[%clk 0:57:03]} Qxc5 {[%clk 1:01:47]} 22. dxc5 {[%clk 0:57:24]} Nd7
{[%clk 1:01:01]} 23. e5 {[%clk 0:54:51]} Nf8 {[%clk 0:59:02]} 24. g3
{[%clk 0:47:07]} Ne6 {[%clk 0:57:26]} 25. b4 {[%clk 0:47:03]} a6 {[%clk 0:56:27]}
26. Kf2 {[%clk 0:46:33]} Nc7 {[%clk 0:55:31]} 27. Bc4 {[%clk 0:45:27]} Bd7
{[%clk 0:53:30]} 28. g4 {[%clk 0:32:48]} Be6 {[%clk 0:51:29]} 29. Bxe6
{[%clk 0:31:55]} Nxe6 {[%clk 0:51:35]} 30. f5 {[%clk 0:31:23]} gxf5
{[%clk 0:50:06]} 31. gxf5 {[%clk 0:31:47]} Nf4 {[%clk 0:49:42]} 32. Ke3
{[%clk 0:30:14]} Nd5+ {[%clk 0:48:37]} 33. Ke4 {[%clk 0:30:34]} Nxb4
{[%clk 0:47:59]} 34. Rd6 {[%clk 0:29:13]} Nd5 {[%clk 0:47:15]} 35. Rg1
{[%clk 0:28:04]} Kf8 {[%clk 0:46:22]} 36. e6 {[%clk 0:19:33]} f6 {[%clk 0:43:52]}
37. Rg3 {[%clk 0:17:08]} Re8 {[%clk 0:39:27]} 38. Rd7 {[%clk 0:16:10]} Re7
{[%clk 0:39:21]} 39. Rd6 {[%clk 0:13:28]} Rce8 {[%clk 0:38:16]} 40. h4
{[%clk 0:41:23]} Kg8 {[%clk 1:07:09]} 41. h5 {[%clk 0:38:06]} Kh7
{[%clk 1:07:04]} 42. Rg6 {[%clk 0:36:08]} Rf8 {[%clk 1:05:38]} 43. Kf3
{[%clk 0:32:22]} Ree8 {[%clk 1:04:33]} 44. h6 {[%clk 0:28:56]} Rg8
{[%clk 1:01:42]} 45. Bc1 {[%clk 0:26:19]} gxh6 {[%clk 0:40:01]} 46. Rxh6+
{[%clk 0:25:57]} Kg7 {[%clk 0:40:23]} 47. Rd7+ {[%clk 0:24:58]} Ne7
{[%clk 0:31:03]} 48. Rg6+ {[%clk 0:25:03]} Kh8 {[%clk 0:31:10]} 49. Rxf6
{[%clk 0:24:53]} Rg7 {[%clk 0:30:17]} 50. Rh6+ {[%clk 0:24:23]} Rh7
{[%clk 0:29:01]} 51. Rxh7+ {[%clk 0:24:24]} Kxh7 {[%clk 0:29:26]} 52. f6
{[%clk 0:24:51]} 1-0

[Event "MP do lat 18 - dziewczeta"]
[Site "Sypniewo"]
[Date "2022.03.23"]
[Round "5.16"]
[White "Matyjasek, Michalina"]
[Black "Libura, Julianna"]
[Result "1-0"]
[BlackElo "1590"]
[WhiteElo "1435"]
[LiveChessVersion "1.4.8"]

1. d4 {[%clk 1:30:59]} c5 {[%clk 1:30:26]} 2. d5 {[%clk 1:31:18]} e5
{[%clk 1:30:49]} 3. c4 {[%clk 1:31:07]} d6 {[%clk 1:31:03]} 4. Nc3
{[%clk 1:28:53]} Be7 {[%clk 1:30:41]} 5. e4 {[%clk 1:24:07]} a6 {[%clk 1:20:20]}
6. Bd3 {[%clk 1:18:26]} Bg5 {[%clk 1:10:58]} 7. Nge2 {[%clk 1:09:56]} Bxc1
{[%clk 1:08:47]} 8. Qxc1 {[%clk 1:08:20]} Nh6 {[%clk 1:06:44]} 9. O-O
{[%clk 0:57:28]} Nd7 {[%clk 1:01:44]} 10. a3 {[%clk 0:51:22]} O-O
{[%clk 1:00:49]} 11. Ng3 {[%clk 0:48:37]} Qh4 {[%clk 0:58:29]} 12. Nf5
{[%clk 0:43:13]} Nxf5 {[%clk 0:57:36]} 13. exf5 {[%clk 0:43:41]} Nf6
{[%clk 0:50:55]} 14. Qe3 {[%clk 0:40:08]} Re8 {[%clk 0:45:33]} 15. f3
{[%clk 0:33:57]} Bd7 {[%clk 0:34:55]} 16. g4 {[%clk 0:26:47]} h6 {[%clk 0:30:59]}
17. Rf2 {[%clk 0:23:20]} Rab8 {[%clk 0:22:33]} 18. a4 {[%clk 0:19:19]} Qg5
{[%clk 0:20:40]} 19. Qxg5 {[%clk 0:18:59]} hxg5 {[%clk 0:21:09]} 20. h4
{[%clk 0:17:42]} gxh4 {[%clk 0:16:32]} 21. Rh2 {[%clk 0:17:51]} Nh7
{[%clk 0:14:43]} 22. Ne4 {[%clk 0:14:56]} Red8 {[%clk 0:14:42]} 23. Rxh4
{[%clk 0:11:32]} f6 {[%clk 0:14:02]} 24. Kf2 {[%clk 0:09:24]} Be8
{[%clk 0:13:15]} 25. g5 {[%clk 0:06:51]} fxg5 {[%clk 0:07:48]} 26. Rh2
{[%clk 0:06:29]} g6 {[%clk 0:06:03]} 27. Rah1 {[%clk 0:05:42]} Rd7
{[%clk 0:06:11]} 28. Rxh7 {[%clk 0:05:57]} Rxh7 {[%clk 0:06:31]} 29. Nf6+
{[%clk 0:06:22]} 1-0

[Event "MP do lat 18 - dziewczeta"]
[Site "Sypniewo"]
[Date "2022.03.23"]
[Round "5.17"]
[White "Bychowska, Marta"]
[Black "Kaznowska, Weronika"]
[Result "1/2-1/2"]
[BlackElo "1604"]
[WhiteElo "1374"]
[LiveChessVersion "1.4.8"]

1. e4 {[%clk 1:30:57]} Nc6 {[%clk 1:30:50]} 2. Nf3 {[%clk 1:31:13]} d6
{[%clk 1:31:13]} 3. d4 {[%clk 1:31:38]} Nf6 {[%clk 1:31:35]} 4. Nc3
{[%clk 1:31:13]} g6 {[%clk 1:31:13]} 5. h3 {[%clk 1:31:28]} Bg7 {[%clk 1:31:21]}
6. Be3 {[%clk 1:31:49]} e5 {[%clk 1:30:58]} 7. dxe5 {[%clk 1:31:27]} Nxe5
{[%clk 1:31:04]} 8. Nxe5 {[%clk 1:31:48]} dxe5 {[%clk 1:31:27]} 9. Qxd8+
{[%clk 1:32:12]} Kxd8 {[%clk 1:31:52]} 10. O-O-O+ {[%clk 1:32:27]} Bd7
{[%clk 1:31:34]} 11. Bc4 {[%clk 1:32:31]} Ke8 {[%clk 1:29:54]} 12. Nd5
{[%clk 1:32:46]} Nxd5 {[%clk 1:29:19]} 13. Bxd5 {[%clk 1:33:11]} Bc6
{[%clk 1:27:34]} 14. Bxc6+ {[%clk 1:33:13]} bxc6 {[%clk 1:28:00]} 15. Rd3
{[%clk 1:33:22]} a5 {[%clk 1:27:49]} 16. Rhd1 {[%clk 1:33:31]} Bf6
{[%clk 1:25:36]} 17. Rc3 {[%clk 1:30:39]} Ra6 {[%clk 1:24:56]} 18. Bc5
{[%clk 1:30:32]} Bg5+ {[%clk 1:20:26]} 19. Kb1 {[%clk 1:30:44]} Be7
{[%clk 1:20:29]} 20. Rcd3 {[%clk 1:29:18]} Bxc5 {[%clk 1:16:38]} 21. Rd8+
{[%clk 1:29:36]} Ke7 {[%clk 1:17:07]} 22. Rxh8 {[%clk 1:29:56]} h5
{[%clk 1:17:31]} 23. f3 {[%clk 1:29:56]} Bd6 {[%clk 1:17:57]} 24. Rb8
{[%clk 1:29:49]} a4 {[%clk 1:17:28]} 25. Rb7 {[%clk 1:28:12]} Kf6
{[%clk 1:14:46]} 26. Rd3 {[%clk 1:22:59]} Ke6 {[%clk 1:13:47]} 27. Rb8
{[%clk 1:22:45]} Ke7 {[%clk 1:10:41]} 28. g4 {[%clk 1:21:20]} Kf6
{[%clk 1:08:47]} 29. gxh5 {[%clk 1:18:42]} gxh5 {[%clk 1:09:13]} 30. h4
{[%clk 1:19:03]} Kg7 {[%clk 1:08:58]} 31. Rd2 {[%clk 1:18:48]} Be7
{[%clk 1:07:49]} 32. Rg2+ {[%clk 1:18:21]} Kh7 {[%clk 1:08:14]} 33. Rbg8
{[%clk 1:16:41]} Bf6 {[%clk 1:07:59]} 34. Rf8 {[%clk 1:17:01]} c5
{[%clk 1:07:50]} 35. Rxf7+ {[%clk 1:17:07]} Kh6 {[%clk 1:08:17]} 36. Rxc7
{[%clk 1:17:00]} Rd6 {[%clk 1:08:46]} 37. c3 {[%clk 1:16:07]} Bxh4
{[%clk 1:09:13]} 38. Rxc5 {[%clk 1:13:56]} Bf6 {[%clk 1:09:38]} 39. Rd5
{[%clk 1:14:01]} Ra6 {[%clk 1:09:37]} 40. c4 {[%clk 1:44:01]} h4 {[%clk 1:40:03]}
41. c5 {[%clk 1:43:28]} Kh5 {[%clk 1:39:55]} 42. Rd7 {[%clk 1:42:26]} Bg5
{[%clk 1:39:31]} 43. Rh7+ {[%clk 1:40:55]} Bh6 {[%clk 1:39:57]} 44. Re7
{[%clk 1:40:03]} Bf4 {[%clk 1:40:09]} 45. Rgg7 {[%clk 1:38:01]} Bg3
{[%clk 1:38:14]} 46. Kc2 {[%clk 1:36:26]} Rc6 {[%clk 1:37:08]} 47. Rc7
{[%clk 1:36:36]} Rf6 {[%clk 1:37:36]} 48. Rc8 {[%clk 1:36:22]} Bf4
{[%clk 1:37:13]} 49. c6 {[%clk 1:35:49]} h3 {[%clk 1:37:25]} 50. c7
{[%clk 1:26:14]} Rc6+ {[%clk 1:36:00]} 51. Kd3 {[%clk 1:26:17]} Bh6
{[%clk 1:36:23]} 52. Rh8 {[%clk 1:26:11]} h2 {[%clk 1:36:05]} 53. Rgh7
{[%clk 1:25:50]} h1=Q {[%clk 1:35:45]} 54. Rxh6+ {[%clk 1:26:11]} Rxh6
{[%clk 1:36:07]} 55. c8=Q {[%clk 1:25:50]} Qxf3+ {[%clk 1:36:06]} 56. Kd2
{[%clk 1:25:39]} Qf2+ 57. Kc3 {[%clk 1:25:42]} Qd4+ {[%clk 1:36:41]} 58. Kc2
{[%clk 1:25:56]} Qxe4+ {[%clk 1:36:59]} 59. Kd2 {[%clk 1:25:58]} 1/2-1/2

[Event "MP do lat 18 - dziewczeta"]
[Site "Sypniewo"]
[Date "2022.03.23"]
[Round "5.18"]
[White "Kukula, Klara"]
[Black "Szewczyk, Malwina"]
[Result "1/2-1/2"]
[BlackElo "1433"]
[WhiteElo "1464"]
[LiveChessVersion "1.4.8"]

1. c4 {[%clk 1:30:59]} c5 {[%clk 1:30:51]} 2. Nc3 {[%clk 1:31:22]} Nf6
{[%clk 1:31:14]} 3. g3 {[%clk 1:31:39]} d5 {[%clk 1:31:34]} 4. cxd5
{[%clk 1:32:03]} Nxd5 {[%clk 1:31:58]} 5. Bg2 {[%clk 1:32:26]} Nc7
{[%clk 1:32:21]} 6. d3 {[%clk 1:32:45]} Nc6 {[%clk 1:32:15]} 7. Be3
{[%clk 1:01:34]} e5 {[%clk 1:32:03]} 8. Bxc6+ {[%clk 0:59:53]} bxc6
{[%clk 1:32:18]} 9. Nf3 {[%clk 1:00:21]} f6 {[%clk 1:32:24]} 10. Na4
{[%clk 1:00:08]} Nd5 {[%clk 1:30:37]} 11. O-O {[%clk 0:50:33]} Bh3
{[%clk 1:29:53]} 12. Re1 {[%clk 0:50:21]} Nxe3 {[%clk 1:30:03]} 13. fxe3
{[%clk 0:50:47]} Bd6 {[%clk 1:30:11]} 14. Nd2 {[%clk 0:50:04]} O-O
{[%clk 1:28:47]} 15. Ne4 {[%clk 0:43:20]} Qe7 {[%clk 1:26:36]} 16. Qb3+
{[%clk 0:36:27]} Be6 {[%clk 1:26:28]} 17. Qc2 {[%clk 0:34:08]} c4
{[%clk 1:24:51]} 18. Red1 {[%clk 0:32:00]} cxd3 {[%clk 1:18:38]} 19. exd3
{[%clk 0:32:06]} f5 {[%clk 1:17:11]} 20. Nxd6 {[%clk 0:31:49]} Qxd6
{[%clk 1:14:10]} 21. d4 {[%clk 0:27:07]} exd4 {[%clk 1:13:13]} 22. Rxd4
{[%clk 0:27:05]} Qe5 {[%clk 1:13:27]} 23. Qf2 {[%clk 0:20:45]} c5
{[%clk 1:12:12]} 24. Rd2 {[%clk 0:17:41]} Rac8 {[%clk 1:12:22]} 25. Nc3
{[%clk 0:17:21]} a6 {[%clk 1:12:30]} 26. Qf4 {[%clk 0:17:02]} Qf6
{[%clk 1:11:20]} 27. e4 {[%clk 0:14:29]} g5 {[%clk 1:11:00]} 28. Qf3
{[%clk 0:13:38]} Qe5 {[%clk 1:11:17]} 29. exf5 {[%clk 0:12:25]} Rxf5
{[%clk 1:11:38]} 30. Qe2 {[%clk 0:12:27]} Qxe2 {[%clk 1:10:21]} 31. Rxe2
{[%clk 0:12:48]} 1/2-1/2

[Event "MP do lat 18 - dziewczeta"]
[Site "Sypniewo"]
[Date "2022.03.23"]
[Round "5.19"]
[White "Wojtas, Julia"]
[Black "Jedrzejko, Martyna"]
[Result "0-1"]
[BlackElo "1517"]
[WhiteElo "1560"]
[LiveChessVersion "1.4.8"]

1. e4 {[%clk 1:30:58]} e6 {[%clk 1:30:53]} 2. d4 {[%clk 1:31:21]} d5
{[%clk 1:31:12]} 3. Nc3 {[%clk 1:31:43]} dxe4 {[%clk 1:31:29]} 4. Nxe4
{[%clk 1:32:06]} Bd7 {[%clk 1:31:45]} 5. Nf3 {[%clk 1:30:35]} Bc6
{[%clk 1:31:47]} 6. Bd3 {[%clk 1:30:34]} Nd7 {[%clk 1:31:34]} 7. c3
{[%clk 1:30:13]} Ngf6 {[%clk 1:31:19]} 8. Ng3 {[%clk 1:29:11]} Be7
{[%clk 1:30:21]} 9. O-O {[%clk 1:28:01]} O-O {[%clk 1:29:34]} 10. Re1
{[%clk 1:27:34]} a5 {[%clk 1:25:12]} 11. Ng5 {[%clk 1:17:23]} h6 {[%clk 1:17:43]}
12. N5e4 {[%clk 1:16:21]} Bxe4 {[%clk 1:15:41]} 13. Nxe4 {[%clk 1:15:35]} c5
{[%clk 1:14:21]} 14. dxc5 {[%clk 1:05:30]} Nxc5 {[%clk 1:11:45]} 15. Nxc5
{[%clk 1:04:52]} Bxc5 {[%clk 1:12:12]} 16. Qf3 {[%clk 1:04:08]} Qd5
{[%clk 1:09:00]} 17. Qe2 {[%clk 0:57:46]} Rfd8 {[%clk 1:02:32]} 18. Bc2
{[%clk 0:54:50]} Qc6 {[%clk 0:51:21]} 19. Bf4 {[%clk 0:52:15]} Bd6
{[%clk 0:50:50]} 20. Be3 {[%clk 0:50:09]} Bc5 {[%clk 0:48:39]} 21. Bf4
{[%clk 0:42:38]} Bd6 {[%clk 0:46:12]} 22. Bd2 {[%clk 0:36:39]} Bxh2+
{[%clk 0:43:05]} 23. Kh1 {[%clk 0:33:44]} Bc7 {[%clk 0:42:25]} 24. Rad1
{[%clk 0:31:45]} Rd5 {[%clk 0:35:01]} 25. Be4 {[%clk 0:28:58]} Nxe4
{[%clk 0:35:04]} 26. Qxe4 {[%clk 0:29:06]} Qd6 {[%clk 0:33:38]} 0-1

[Event "MP do lat 18 - dziewczeta"]
[Site "Sypniewo"]
[Date "2022.03.24"]
[Round "6.1"]
[White "Wikar, Martyna"]
[Black "Goraj, Barbara"]
[Result "1-0"]
[BlackElo "2078"]
[WhiteElo "2160"]
[LiveChessVersion "1.4.8"]

1. e4 {[%clk 1:30:55]} c5 {[%clk 1:30:41]} 2. Nf3 {[%clk 1:31:20]} d6
{[%clk 1:31:04]} 3. Bc4 {[%clk 1:31:45]} e6 {[%clk 1:28:22]} 4. c3
{[%clk 1:30:58]} Nf6 {[%clk 1:26:08]} 5. d3 {[%clk 1:31:20]} Nc6 {[%clk 1:24:28]}
6. Bb3 {[%clk 1:31:42]} Be7 {[%clk 1:20:51]} 7. O-O {[%clk 1:32:03]} O-O
{[%clk 1:15:16]} 8. Re1 {[%clk 1:32:22]} e5 {[%clk 1:07:53]} 9. Nbd2
{[%clk 1:31:37]} b5 {[%clk 1:03:38]} 10. Nf1 {[%clk 1:31:45]} Na5
{[%clk 0:55:43]} 11. Bc2 {[%clk 1:31:53]} Re8 {[%clk 0:53:17]} 12. h3
{[%clk 1:27:57]} Bf8 {[%clk 0:52:21]} 13. Bg5 {[%clk 1:27:55]} h6
{[%clk 0:49:54]} 14. Bh4 {[%clk 1:27:34]} Be6 {[%clk 0:37:24]} 15. Ne3
{[%clk 1:25:57]} Be7 {[%clk 0:35:51]} 16. d4 {[%clk 1:20:46]} Qc7
{[%clk 0:25:25]} 17. Rc1 {[%clk 1:08:32]} Rab8 {[%clk 0:22:56]} 18. b4
{[%clk 1:03:24]} cxb4 {[%clk 0:21:58]} 19. cxb4 {[%clk 1:03:17]} Nc4
{[%clk 0:19:11]} 20. Bd3 {[%clk 0:51:21]} Nxe3 {[%clk 0:12:57]} 21. Rxe3
{[%clk 0:37:48]} Qb6 {[%clk 0:12:31]} 22. dxe5 {[%clk 0:35:18]} dxe5
{[%clk 0:12:46]} 23. Nxe5 {[%clk 0:32:04]} Ng4 {[%clk 0:12:25]} 24. Nxg4
{[%clk 0:30:53]} Bxh4 {[%clk 0:12:37]} 25. Rc5 {[%clk 0:30:04]} Bg5
{[%clk 0:08:32]} 26. Re1 {[%clk 0:23:56]} a6 {[%clk 0:06:49]} 27. Qf3
{[%clk 0:19:28]} Rbc8 {[%clk 0:04:56]} 28. Rxc8 {[%clk 0:13:47]} Rxc8
{[%clk 0:05:16]} 29. Bb1 {[%clk 0:13:08]} Qd4 {[%clk 0:04:22]} 30. e5
{[%clk 0:10:40]} Qxb4 {[%clk 0:02:47]} 31. Rd1 {[%clk 0:11:08]} Qc4
{[%clk 0:02:12]} 32. g3 {[%clk 0:06:52]} Qa4 {[%clk 0:00:36]} 33. Kh2
{[%clk 0:06:18]} Qc4 {[%clk 0:00:32]} 34. Ne3 {[%clk 0:05:52]} Qc5
{[%clk 0:00:33]} 35. Ng2 {[%clk 0:02:03]} Qxe5 {[%clk 0:00:42]} 36. Qd3
{[%clk 0:02:31]} Qc3 {[%clk 0:00:35]} 37. Qh7+ {[%clk 0:02:18]} Kf8
{[%clk 0:01:00]} 38. Re1 {[%clk 0:01:28]} g6 {[%clk 0:00:32]} 39. h4
{[%clk 0:00:52]} Bf6 {[%clk 0:00:32]} 40. Rxe6 {[%clk 0:30:35]} fxe6 41. Nf4
{[%clk 0:30:14]} Qe1 {[%clk 0:11:37]} 42. Nxg6+ {[%clk 0:26:43]} Ke8
{[%clk 0:11:58]} 43. Qg8+ {[%clk 0:24:53]} Kd7 {[%clk 0:12:21]} 44. Qf7+
{[%clk 0:25:10]} Kd6 {[%clk 0:10:37]} 45. Qxf6 {[%clk 0:24:54]} Qxb1
{[%clk 0:08:07]} 46. Qd4+ {[%clk 0:24:00]} Kc7 {[%clk 0:06:06]} 47. Qa7+
{[%clk 0:20:41]} Kd6 {[%clk 0:05:10]} 48. Qe7+ {[%clk 0:14:00]} Kc6
{[%clk 0:05:00]} 49. Ne5+ {[%clk 0:11:51]} Kd5 {[%clk 0:03:39]} 50. Nd3
{[%clk 0:10:40]} Qxd3 {[%clk 0:01:42]} 51. Qd7+ {[%clk 0:11:04]} Ke4
{[%clk 0:01:02]} 52. Qxc8 {[%clk 0:11:19]} Kf3 {[%clk 0:00:51]} 53. Qf8+
{[%clk 0:09:07]} Qf5 {[%clk 0:01:05]} 54. Qxh6 {[%clk 0:08:54]} Kxf2
{[%clk 0:00:39]} 55. Qf4+ {[%clk 0:08:29]} Qxf4 {[%clk 0:00:31]} 56. gxf4
{[%clk 0:08:57]} b4 {[%clk 0:00:41]} 57. h5 {[%clk 0:09:21]} 1-0

[Event "MP do lat 18 - dziewczeta"]
[Site "Sypniewo"]
[Date "2022.03.24"]
[Round "6.2"]
[White "Dylag, Emilia"]
[Black "Marcinczyk, Monika"]
[Result "0-1"]
[BlackElo "1865"]
[WhiteElo "2003"]
[LiveChessVersion "1.4.8"]

1. d4 {[%clk 1:30:58]} Nf6 {[%clk 1:30:10]} 2. c4 {[%clk 1:31:20]} e6
{[%clk 1:30:35]} 3. g3 {[%clk 1:31:42]} c5 {[%clk 1:30:16]} 4. d5
{[%clk 1:30:39]} exd5 {[%clk 1:30:28]} 5. cxd5 {[%clk 1:31:02]} d6
{[%clk 1:30:48]} 6. Nc3 {[%clk 1:31:03]} g6 {[%clk 1:31:05]} 7. Bg2
{[%clk 1:30:47]} Bg7 {[%clk 1:31:28]} 8. Nf3 {[%clk 1:31:05]} O-O
{[%clk 1:31:40]} 9. O-O {[%clk 1:30:56]} Re8 {[%clk 1:32:01]} 10. Bf4
{[%clk 1:27:01]} a6 {[%clk 1:32:01]} 11. a4 {[%clk 1:26:41]} Ne4 {[%clk 1:31:43]}
12. Nxe4 {[%clk 1:26:49]} Rxe4 {[%clk 1:32:06]} 13. Nd2 {[%clk 1:27:03]} Rb4
{[%clk 1:29:23]} 14. Ra2 {[%clk 1:25:19]} Qe7 {[%clk 1:20:08]} 15. b3
{[%clk 1:16:05]} Nd7 {[%clk 1:17:16]} 16. Nc4 {[%clk 1:09:17]} Ne5
{[%clk 1:16:25]} 17. Nxe5 {[%clk 0:54:06]} Bxe5 {[%clk 1:15:20]} 18. Bd2
{[%clk 0:54:18]} a5 {[%clk 1:05:49]} 19. Bxb4 {[%clk 0:52:48]} axb4
{[%clk 1:06:09]} 20. Qb1 {[%clk 0:44:56]} b5 {[%clk 0:47:48]} 21. axb5
{[%clk 0:41:25]} Ra3 {[%clk 0:46:46]} 22. Rc1 {[%clk 0:20:51]} Qa7
{[%clk 0:38:27]} 23. Rd2 {[%clk 0:15:38]} Bd7 {[%clk 0:35:02]} 24. e3
{[%clk 0:13:21]} Bc3 {[%clk 0:28:21]} 25. b6 {[%clk 0:08:13]} Qxb6
{[%clk 0:28:46]} 26. Ra2 {[%clk 0:04:41]} Qa5 {[%clk 0:28:22]} 27. Re2
{[%clk 0:00:40]} Bb5 {[%clk 0:20:34]} 28. Bf3 {[%clk 0:00:44]} c4
{[%clk 0:15:07]} 29. bxc4 {[%clk 0:01:09]} Bxc4 {[%clk 0:15:34]} 30. Qe4
{[%clk 0:00:59]} Bxe2 {[%clk 0:13:02]} 31. Bxe2 {[%clk 0:01:23]} b3
{[%clk 0:12:36]} 32. Rb1 {[%clk 0:00:53]} Be5 {[%clk 0:08:29]} 33. Qd3
{[%clk 0:00:37]} b2 {[%clk 0:07:53]} 34. Qc4 {[%clk 0:00:31]} Rc3
{[%clk 0:07:34]} 35. Qe4 {[%clk 0:00:33]} f5 {[%clk 0:06:51]} 36. Qh4
{[%clk 0:00:33]} Rc1+ {[%clk 0:07:08]} 37. Kg2 {[%clk 0:00:36]} Rxb1
{[%clk 0:07:24]} 38. Qe7 {[%clk 0:00:57]} Qxd5+ {[%clk 0:05:19]} 39. Bf3
{[%clk 0:00:46]} Rg1+ {[%clk 0:05:04]} 40. Kh3 {[%clk 0:30:38]} Qf7
{[%clk 0:35:16]} 41. Bd5 {[%clk 0:30:36]} Qxd5 {[%clk 0:35:38]} 0-1

[Event "MP do lat 18 - dziewczeta"]
[Site "Sypniewo"]
[Date "2022.03.24"]
[Round "6.3"]
[White "Zarebska, Lena"]
[Black "Pisarek, Elzbieta"]
[Result "1-0"]
[BlackElo "1704"]
[WhiteElo "1809"]
[LiveChessVersion "1.4.8"]

1. e4 {[%clk 1:30:57]} b6 {[%clk 1:30:40]} 2. d4 {[%clk 1:29:31]} Bb7
{[%clk 1:31:04]} 3. Bd3 {[%clk 1:29:27]} e6 {[%clk 1:31:11]} 4. c3
{[%clk 1:28:03]} d6 {[%clk 1:18:07]} 5. Nf3 {[%clk 1:26:33]} Nf6 {[%clk 1:18:16]}
6. Qe2 {[%clk 1:25:43]} Nbd7 {[%clk 1:16:25]} 7. h3 {[%clk 1:20:54]} Be7
{[%clk 1:16:24]} 8. Nbd2 {[%clk 1:17:19]} O-O {[%clk 1:15:52]} 9. Nf1
{[%clk 1:06:58]} c5 {[%clk 1:13:03]} 10. g4 {[%clk 1:06:01]} cxd4
{[%clk 1:11:43]} 11. cxd4 {[%clk 1:06:23]} d5 {[%clk 1:07:49]} 12. e5
{[%clk 1:05:54]} Ne4 {[%clk 1:07:30]} 13. N1d2 {[%clk 0:47:04]} Bb4
{[%clk 0:27:23]} 14. O-O {[%clk 0:44:08]} f5 {[%clk 0:16:32]} 15. gxf5
{[%clk 0:31:31]} exf5 {[%clk 0:16:13]} 16. Kh2 {[%clk 0:30:00]} Qe8
{[%clk 0:10:05]} 17. Rg1 {[%clk 0:29:12]} Qh5 {[%clk 0:09:26]} 18. Nf1
{[%clk 0:28:50]} Be7 {[%clk 0:03:25]} 19. Ng3 {[%clk 0:24:47]} Qf7
{[%clk 0:02:34]} 20. Bh6 {[%clk 0:19:37]} Kh8 {[%clk 0:01:31]} 21. Bxg7+
{[%clk 0:16:34]} Qxg7 {[%clk 0:01:43]} 22. Nxe4 {[%clk 0:16:58]} Qxg1+
{[%clk 0:01:49]} 23. Rxg1 {[%clk 0:17:17]} fxe4 {[%clk 0:02:05]} 24. Bb5
{[%clk 0:16:23]} exf3 {[%clk 0:02:04]} 25. Qc2 {[%clk 0:15:24]} Rac8
{[%clk 0:01:21]} 26. Qa4 {[%clk 0:15:16]} Rg8 {[%clk 0:00:50]} 27. Bxd7
{[%clk 0:10:07]} Rxg1 {[%clk 0:00:46]} 28. Kxg1 {[%clk 0:03:18]} Rc1+
{[%clk 0:00:45]} 29. Kh2 {[%clk 0:03:42]} Bh4 {[%clk 0:00:38]} 30. Bf5
{[%clk 0:03:19]} Rc7 {[%clk 0:00:33]} 31. Qe8+ {[%clk 0:03:22]} Kg7
{[%clk 0:00:57]} 32. Qh5 {[%clk 0:03:44]} Bd8 {[%clk 0:00:45]} 33. Qxh7+
{[%clk 0:04:09]} Kf8 {[%clk 0:01:06]} 34. Qh8+ {[%clk 0:04:26]} Ke7
{[%clk 0:01:28]} 35. Qf6+ {[%clk 0:04:41]} Ke8 {[%clk 0:01:27]} 36. Qh8+
{[%clk 0:03:11]} Ke7 {[%clk 0:01:03]} 37. Qg7+ {[%clk 0:03:35]} 1-0

[Event "MP do lat 18 - dziewczeta"]
[Site "Sypniewo"]
[Date "2022.03.24"]
[Round "6.4"]
[White "Bugaj, Hanna"]
[Black "Adamczyk, Zuzanna"]
[Result "0-1"]
[BlackElo "1889"]
[WhiteElo "1782"]
[LiveChessVersion "1.4.8"]

1. b3 {[%clk 1:30:58]} g6 {[%clk 1:24:46]} 2. Bb2 {[%clk 1:30:50]} Nf6
{[%clk 1:25:05]} 3. Nf3 {[%clk 1:30:14]} Bg7 {[%clk 1:24:31]} 4. g3
{[%clk 1:29:30]} d6 {[%clk 1:17:40]} 5. d4 {[%clk 1:29:31]} O-O {[%clk 1:09:29]}
6. Bg2 {[%clk 1:29:08]} Ne4 {[%clk 1:08:20]} 7. Nfd2 {[%clk 1:13:34]} Nxd2
{[%clk 1:06:19]} 8. Nxd2 {[%clk 1:13:48]} Nc6 {[%clk 0:43:56]} 9. Nc4
{[%clk 0:56:19]} d5 {[%clk 0:40:47]} 10. Ne5 {[%clk 0:51:19]} Nxe5
{[%clk 0:28:37]} 11. dxe5 {[%clk 0:51:43]} c6 {[%clk 0:28:06]} 12. O-O
{[%clk 0:51:02]} Qc7 {[%clk 0:27:33]} 13. e4 {[%clk 0:35:10]} dxe4
{[%clk 0:20:14]} 14. Re1 {[%clk 0:24:17]} Bxe5 {[%clk 0:18:29]} 15. Bxe5
{[%clk 0:24:36]} Qxe5 {[%clk 0:18:53]} 16. Rxe4 {[%clk 0:24:43]} Qf6
{[%clk 0:18:47]} 17. Qe1 {[%clk 0:18:41]} Re8 {[%clk 0:18:17]} 18. Rf4
{[%clk 0:16:57]} Qg7 {[%clk 0:17:03]} 19. Rd1 {[%clk 0:15:53]} Bf5
{[%clk 0:06:49]} 20. Rb4 {[%clk 0:14:08]} Rab8 {[%clk 0:05:25]} 21. Be4
{[%clk 0:07:01]} Qf6 {[%clk 0:01:39]} 22. Bxf5 {[%clk 0:00:44]} Qxf5
{[%clk 0:01:57]} 23. Qe3 {[%clk 0:00:55]} b6 {[%clk 0:01:54]} 24. Re4
{[%clk 0:00:52]} e5 {[%clk 0:01:33]} 25. f4 {[%clk 0:00:46]} Red8
{[%clk 0:01:08]} 26. Rf1 {[%clk 0:00:47]} Rd4 {[%clk 0:01:02]} 27. Rxe5
{[%clk 0:01:02]} Qd7 {[%clk 0:00:55]} 28. Re7 {[%clk 0:01:06]} Qd5
{[%clk 0:01:13]} 29. c4 {[%clk 0:01:08]} Qc5 {[%clk 0:01:12]} 30. Re5
{[%clk 0:00:52]} Qd6 {[%clk 0:01:14]} 31. Re1 {[%clk 0:01:01]} Rf8
{[%clk 0:00:49]} 32. Re4 {[%clk 0:00:37]} Rd2 {[%clk 0:00:47]} 33. Re2
{[%clk 0:00:46]} Rd1+ {[%clk 0:01:06]} 34. Re1 {[%clk 0:00:42]} Rd3
{[%clk 0:00:56]} 35. Qf2 {[%clk 0:00:42]} Qb4 {[%clk 0:00:39]} 36. R4e2
{[%clk 0:00:34]} Qd6 {[%clk 0:00:43]} 37. Re4 {[%clk 0:00:40]} Rd2
{[%clk 0:00:45]} 38. R1e2 {[%clk 0:00:50]} Rd1+ {[%clk 0:01:02]} 39. Kg2
{[%clk 0:00:56]} c5 {[%clk 0:00:45]} 40. Re8 {[%clk 0:30:42]} Qc6+
{[%clk 0:31:03]} 41. Qf3 {[%clk 0:21:59]} Rg1+ {[%clk 0:31:11]} 42. Kf2
{[%clk 0:22:19]} Rf1+ {[%clk 0:31:32]} 0-1